Super Smash Bros. Bosses - Statistics

General Stats
  • This quiz has been taken 53 times
  • The average score is 13 of 18
Answer Stats
Game Mode Boss % Correct
M-Ult. Classic Crazy Hand
94%
64-Ult. Classic Master Hand
94%
Ult World of Light Ganon
92%
Ult World of Light Galeem
86%
M/Ult Adventure Giga Bowser
86%
Ult World of Light Marx
83%
B Subspace Tabuu
81%
Ult World of Light Dracula
78%
B Subspace Rayquaza
78%
Ult World of Light Dharkon
75%
B/Ult Subspace Galleom
69%
B Subspace Petey Piranha
69%
B Subspace Duon
67%
Ult World of Light Rathalos
64%
B Subspace Ridley
64%
B Subspace Meta Ridley
56%
B Subspace Porky Minch
56%
3DS/Wii U Classic Master Core
53%
No matching quizzes found
Score Distribution
Percent of People with Each Score
Percentile by Number Answered
Your Score History
You have not taken this quiz